Brazilians who have won PL - Statistics

General Stats
  • This quiz has been taken 252 times
  • The average score is 6 of 13
Answer Stats
Years Answer % Correct
2015,2017 Willian
70%
2015,2017 Oscar
66%
2014 Fernandinho
65%
2017 Luiz
63%
2009,2011,2013 Rafael
60%
2008,2009,2011,2012 Anderson
59%
2004 Silva
57%
2015 Ramires
54%
2011 Fabio
43%
2002,2004 Edu
33%
2010 Alex
32%
2015 Luis
25%
2010 Belletti
15%
No matching quizzes found
Score Distribution
Percent of People with Each Score
Percentile by Number Answered
Your Score History
You have not taken this quiz